GRUPOS DE TRABAJO AUTODIRIGIDOS : (Registro nro. 37298)
[ vista simple ]
| 000 -LEADER | |
|---|---|
| fixed length control field | 00687nam a2200229 a 4500 |
| 001 - CONTROL NUMBER | |
| control field | 37298 |
| 005 - DATE AND TIME OF LATEST TRANSACTION | |
| control field | 20180714010200.0 |
| 008 - FIXED-LENGTH DATA ELEMENTS--GENERAL INFORMATION | |
| fixed length control field | 140415s1992 mx 000 0 spa d |
| 020 ## - INTERNATIONAL STANDARD BOOK NUMBER | |
| International Standard Book Number | 9687270896 |
| 041 ## - LANGUAGE CODE | |
| Language code of text/sound track or separate title | spa |
| 082 ## - DEWEY DECIMAL CLASSIFICATION NUMBER | |
| Classification number | 658.008 |
| Item number | HIC |
| 100 1# - MAIN ENTRY--PERSONAL NAME | |
| Personal name | HICKS, ROBERT |
| 245 10 - TITLE STATEMENT | |
| Title | GRUPOS DE TRABAJO AUTODIRIGIDOS : |
| Remainder of title | GUIA PARA FORMAR Y CONSERVAR GRUPOS DE TRABAJO CON AUTODIRECCION |
| 250 ## - EDITION STATEMENT | |
| Edition statement | 1a ed. |
| 260 ## - PUBLICATION, DISTRIBUTION, ETC. | |
| Place of publication, distribution, etc. | MEXICO : |
| Name of publisher, distributor, etc. | GRUPO EDITORIAL IBEROAMERICA, |
| Date of publication, distribution, etc. | 1992 |
| 300 ## - PHYSICAL DESCRIPTION | |
| Extent | 91 |
| 490 ## - SERIES STATEMENT | |
| Series statement | SERIE CINCUENTA MINUTOS |
| 650 14 - SUBJECT ADDED ENTRY--TOPICAL TERM | |
| Topical term or geographic name entry element | RECURSOS HUMANOS |
| 700 1# - ADDED ENTRY--PERSONAL NAME | |
| Personal name | G. TEJERA, HECTOR |
| Relator term | tr. |
| 740 ## - ADDED ENTRY--UNCONTROLLED RELATED/ANALYTICAL TITLE | |
| Uncontrolled related/analytical title | SELF MANAGING TEAMS |
| 700 1# - ADDED ENTRY--PERSONAL NAME | |
| Personal name | Bone, Diane, |
| Relator term | coaut. |
| Withdrawn status | Lost status | Source of classification or shelving scheme | Damaged status | Not for loan | Collection code | Home library | Current library | Shelving location | Date acquired | Source of acquisition | Inventory number | Total Checkouts | Full call number | Barcode | Date last seen | Price effective from | Koha item type |
|---|---|---|---|---|---|---|---|---|---|---|---|---|---|---|---|---|---|
| Dewey Decimal Classification | General | Biblioteca Karol Wojtyla | Biblioteca Karol Wojtyla | Sala general | 03/12/2013 | Compra | 151000000000000000020413 | 658.008 HIC | 56101 | 05/01/2026 | 03/12/2013 | Libro |